Canzoni di Simba La Rue - Statistics

Statistiche generali
  • Questo quiz è stato fatto 79 volte
    46 dall'ultimo reset
  • Il punteggio medio è 29 su 48
Statistiche sulle risposte
Album Anno Feat Risposta % Corretto
TUNNEL 2024 FT Kings TUNNEL
89%
ESCI DAL TUNNEL 2024 FT Kings, Sick Luke MI PIACCIONO LE ARMI
86%
TUNNEL 2024 Paky LEVANTE
79%
TUNNEL 2024 Ghali, FT Kings SOLDI A CASA
79%
ESCI DAL TUNNEL 2024 FT Kings 40 GRADI
75%
CRIMI 2022 Bobo OPINEL
75%
- 2025 Tony Boy, FT Kings AYAHUASCA
71%
ESCI DAL TUNNEL 2024 Guè ACCAVALLATO
68%
TUNNEL 2024 Sfera Ebbasta, FT Kings BATIMENT
68%
ESCI DAL TUNNEL 2024 Ghali, FT Kings COS'HAI DETTO
68%
TUNNEL 2024 - LATITANTE
68%
TUNNEL 2024 Higashi NO MIX NO MASTER
68%
CRIMI 2022 Bobo DETTAGLIO
64%
CRIMI 2022 Bobo INTRO+INTRO
64%
CRIMI 2022 - MASK
64%
TUNNEL 2024 Guè, FT Kings SHOPPING
64%
TUNNEL 2024 Sick Luke SUBMARINER
64%
- 2023 - TAF TAF
64%
CRIMI 2022 Bobo TARANTELLE
64%
ESCI DAL TUNNEL 2024 Tedua, Sfera Ebbasta, FT Kings WAG1
64%
TUNNEL 2024 FT Kings AGITATO
61%
CRIMI 2022 - BENEF
61%
TUNNEL 2024 - FREE ESCO FREE BABY
61%
ESCI DAL TUNNEL 2024 Baby Gang, Higashi GHETTO
61%
CRIMI 2022 Bobo NOTTE
61%
CRIMI 2022 Bobo, Fresh laDouille, Philip BISTURI
57%
CRIMI 2022 - FEAT. SIMBA LA RUE
57%
TUNNEL 2024 Boy Mass, Bobo NINJA PLAQUETTE
57%
TUNNEL 2024 FT Kings AMORE DI MAMMA
54%
ESCI DAL TUNNEL 2024 Bobo BALOTELLI
54%
- 2021 Baby Gang, Philip Banlieue
54%
- 2021 Escomar Detail
54%
TUNNEL 2024 Tedua, FT Kings HOOD
54%
- 2025 FT Kings OPERE D'ARTE
54%
CRIMI 2022 Bobo SUITE HOTEL
54%
TUNNEL 2024 Baby Gang, FT Kings BECCARIA SAN VITTORE
50%
- 2025 FT Kings CAZZI MIEI
50%
- 2024 FT Kings COPACABANA
50%
TUNNEL 2024 Sick Luke FREESTYLE
50%
- 2023 Bobo SON FATTO COSI
50%
ESCI DAL TUNNEL 2024 FT Kings VRP
50%
TUNNEL 2024 FT Kings, Bobo KALASHNIKOVA
46%
ESCI DAL TUNNEL 2024 Escomar, FT Kings PENSIERI
46%
- 2024 FT Kings TRISTE
46%
- 2021 - Louis V
43%
ESCI DAL TUNNEL 2024 Paky, FT Kings PERDONO
43%
- 2021 - Cagoule
39%
- 2023 Bobo, Minur BRUTTE COSE
36%
Nessun quiz corrispondente trovato
Distribuzione punteggi
Percentuale di utenti per punteggio
Percentile per numero di risposta
I tuoi punteggi nel tempo
Non hai fatto questo quiz dall'ultimo reset